|
|
|
|
| LEADER |
06796nam a22004213i 4500 |
| 001 |
EBC7100889 |
| 003 |
MiAaPQ |
| 005 |
20240729202203.0 |
| 006 |
m o d | |
| 007 |
cr cnu|||||||| |
| 008 |
240729s1971 xx o ||||0 ger d |
| 020 |
|
|
|a 9783428424245
|q (electronic bk.)
|
| 020 |
|
|
|z 9783428024247
|
| 035 |
|
|
|a (MiAaPQ)EBC7100889
|
| 035 |
|
|
|a (Au-PeEL)EBL7100889
|
| 035 |
|
|
|a (OCoLC)1347028030
|
| 040 |
|
|
|a MiAaPQ
|b eng
|e rda
|e pn
|c MiAaPQ
|d MiAaPQ
|
| 100 |
1 |
|
|a Löbbe, Klaus.
|
| 245 |
1 |
0 |
|a Methoden der Mittelfristigen Steuervorausschätzung :
|b Zur Mittelfristigen Entwicklung des Steueraufkommens in der Bundesrepublik Deutschland.
|
| 250 |
|
|
|a 1st ed.
|
| 264 |
|
1 |
|a Berlin :
|b Duncker & Humblot,
|c 1971.
|
| 264 |
|
4 |
|c {copy}1971.
|
| 300 |
|
|
|a 1 online resource (200 pages)
|
| 336 |
|
|
|a text
|b txt
|2 rdacontent
|
| 337 |
|
|
|a computer
|b c
|2 rdamedia
|
| 338 |
|
|
|a online resource
|b cr
|2 rdacarrier
|
| 490 |
1 |
|
|a Schriften des Rheinisch-Westfälischen Instituts Für Wirtschaftsforschung Series
|
| 505 |
0 |
|
|a Intro -- Vorwort -- Inhalt -- Tabellenverzeichnis -- Verzeichnis der benutzten Symbole -- Vorbemerkungen -- Erstes Kapitel: Die gesamtwirtschaftlichen Grundlagen -- A. Zur Prognose der allgemeinen Wirtschaftsentwicklung -- 1. Die Entstehung des Sozialprodukts -- 2. Verwendung des Sozialprodukts -- a) Brutto-Anlageinvestitionen -- b) Privater Verbrauch -- c) Staatsverbrauch -- d) Vorratsveränderungen -- e) Außenbeitrag -- 3. Verteilung des Sozialprodukts -- B. Die Entwicklung in den Wirtschaftsbereichen -- 1. Beitrag zum nominalen Bruttoinlandsprodukt -- 2. Produktivität -- 3. Beschäftigte -- 4. Abschreibungen -- 5. Indirekte Steuern -- 6. Volkseinkommen -- 7. Einkommen aus unselbständiger Arbeit und je abhängig Erwerbstätigen -- 8. Einkommen aus Unternehmertätigkeit und Vermögen -- Zweites Kapitel: Die Vorausschätzung einzelner Steuerarten -- A. Lohnsteuer -- 1. Das der Lohnsteuer unterliegende Volkseinkommen -- 2. Zu versteuerndes Einkommen -- 3. Steuerschuld -- 4. Das kassenmäßige Steueraufkommen -- 5. Berechnung von Aufkommenselastizitäten -- B. Veranlagte Einkommensteuer -- 1. Das veranlagte Einkommen -- a) Steuerpflichtige mit Einkünften überwiegend aus Gewerbebetrieb -- b) Steuerpflichtige mit Einkünften überwiegend aus selbständiger Arbeit -- c) Steuerpflichtige mit Einkünftigen überwiegend aus nichtselbständiger Arbeit -- 2. Steuerschuld -- 3. Das kassenmäßige Steueraufkommen -- 4. Berechnung von Aufkommenselastizitäten -- C. Kapitalertragsteuer -- D. Körperschaftsteuer -- 1. Das veranlagte Einkommen -- 2. Steuerschuld -- 3. Das kassenmäßige Steueraufkommen -- 4. Berechnung von Aufkommenselastizitäten -- E. Steuern vom Umsatz (Mehrwert- und Einfuhrumsatzsteuer) -- 1. Steuerrechtliche und methodische Grundlagen der Schätzung -- 2. Die Steuerschuld aus der reinen Mehrwertsteuer -- a) Ableitung der Bemessungsgrundlage.
|
| 505 |
8 |
|
|a b) Die Belastung der Endnachfrage mit Mehrwertsteuer -- 3. Die Steuerschuld aus der Selbstverbrauch- (Investitions-) Steuer -- a) Ableitung der Bemessungsgrundlage -- b) Die Belastung des Selbstverbrauchs mit Investitionssteuer -- 4. Das kassenmäßige Steueraufkommen -- 5. Berechnung von Aufkommenselastizitäten -- F. Ergänzungsabgabe -- 1. Ergänzungsabgabe zur Lohnsteuer -- 2. Ergänzungsabgabe zur Einkommensteuer -- 3. Ergänzungsabgabe zur Körperschaft- und Kapitalertragsteuer -- 4. Das kassenmäßige Steueraufkommen -- a) Steuerschuld bei Abzugssteuern -- b) Steuerschuld bei Veranlagungssteuern -- G. Zölle -- H. Tabaksteuer -- 1. Versteuerte Zigaretten -- 2. Kleinverkaufswerte der Zigaretten -- 3. Steuerwerte der Zigaretten -- 4. Das kassenmäßige Steueraufkommen -- I. Branntweinmonopol -- K. Mineralölsteuer -- 1. Steuersollbeträge für Vergaserkraftstoff -- a) Bestand an Personenkraftwagen -- b) Fahrleistungen je PKW -- c) Durchschnittsverbrauch -- d) Durchschnittlicher Steuersatz -- 2. Steuersollbeträge für Dieselkraftstoff -- 3. Steuersollbeträge für Heizöl -- 4. Das kassenmäßige Steueraufkommen -- L. Kapitalverkehr-, Versicherung- und Wechselsteuer -- M. Sonstige Verbrauchsteuern -- N. Vermögensteuer -- 1. Gesamtvermögen -- a) Land- und forstwirtschaftliches Vermögen -- b) Grundvermögen -- c) Betriebsvermögen -- d) Sonstiges Vermögen -- e) Schulden -- 2. Steuerpflichtiges Vermögen -- 3. Das kassenmäßige Steueraufkommen -- O. Kraftfahrzeugsteuer -- 1. Die Steuerzahlungen für Personenkraftwagen -- a) Die Bevölkerungsentwicklung -- b) Die PKW-Dichte -- c) Der PKW-Bestand und die Stillegungsquote -- d) Der besteuerte Hubraum je PKW -- e) Der durchschnittliche Steuerbetrag je 100 ccm -- f) Die Entwicklung der PKW-Steuern -- 2. Die Steuerzahlungen für Lastkraftwagen -- a) Der Bestand an Lastkraftwagen -- b) Die Stillegungsquote bei Lastkraftwagen.
|
| 505 |
8 |
|
|a c) Der durchschnittliche Steuerbetrag pro LKW -- 3. Die Steuerzahlungen für Kraftfahrzeug-Anhänger -- a) Der Anhänger-Bestand -- b) Die Stillegungsquote bei Anhängern -- c) Der durchschnittliche Steuerbetrag je Anhänger -- d) Die Entwicklung der Anhänger-Steuer -- 4. Das kassenmäßige Steueraufkommen -- P. Biersteuer -- 1. Bierverbrauch der Inländer -- 2. Versteuerter Bierverbrauch -- 3. Biersteuer je hl -- 4. Berechnung von Aufkommenselastizitäten -- Q. Sonstige Ländersteuern -- R. Gewerbesteuer (E + K) -- 1. Ableitung der Besteuerungsgrundlagen -- a) Meßbetrag nach Gewerbeertrag -- b) Meßbetrag nach Gewerbekapital -- 2. Steuerschuld -- 3. Das kassenmäßige Steueraufkommen -- 4. Berechnung von Aufkommenselastizitäten -- S. Lohnsummensteuer -- 1. Ableitung der Bemessungsgrundlage -- 2. Das kassenmäßige Steueraufkommen -- 3. Berechnung von Aufkommenselastizitäten -- T. Grundsteuer und sonstige Gemeindesteuern -- 1. Grundsteuer -- 2. Sonstige Gemeindesteuern -- Drittes Kapitel: Das gesamte Steueraufkommen von Bund, Ländern und Gemeinden -- Literaturverzeichnis -- Tabellenanhang -- Inhalt des Tabellenanhanges.
|
| 588 |
|
|
|a Description based on publisher supplied metadata and other sources.
|
| 590 |
|
|
|a Electronic reproduction. Ann Arbor, Michigan : ProQuest Ebook Central, 2024. Available via World Wide Web. Access may be limited to ProQuest Ebook Central affiliated libraries.
|
| 655 |
|
4 |
|a Electronic books.
|
| 700 |
1 |
|
|a Roth, Albert.
|
| 776 |
0 |
8 |
|i Print version:
|a Löbbe, Klaus
|t Methoden der Mittelfristigen Steuervorausschätzung
|d Berlin : Duncker & Humblot,c1971
|z 9783428024247
|
| 797 |
2 |
|
|a ProQuest (Firm)
|
| 830 |
|
0 |
|a Schriften des Rheinisch-Westfälischen Instituts Für Wirtschaftsforschung Series
|
| 856 |
4 |
0 |
|u https://ebookcentral.proquest.com/lib/matrademy/detail.action?docID=7100889
|z Click to View
|